Logo BPK

Biblioteka

Politechniki Koszalińskiej

A Small Town in Germany / (Rekord nr 47826)

Szczegóły MARC
000 -ETYKIETA REKORDU
podpole kontrolne o stałej długości 00401nam a2200157 i 4500
001 - NUMER KONTROLNY REKORDU
pole kontrolne bgj
040 ## - ŹRÓDŁO KATALOGOWANIA
Instytucja, która utworzyła rekord BPK
041 0# - KOD JĘZYKA
Kod języka tekstu eng
008 - POLE O STAŁEJ DŁUGOŚCI - DANE KONTROLNE
podpole kontrolne o stałej długości s uk f |000 0 eng
100 1# - NAZWA OSOBOWA
Nazwa osobowa LE |CARRE, John
Daty związane z nazwą (1931- ).
245 10 - TYTUŁ/ODPOWIEDZIALNOŚĆ
Tytuł A Small Town in Germany /
Pozostałe elementy strefy tytułu i oznaczenia odpowiedzialności John le Carre.
260 ## - STREFA ADRESU WYDAWNICZEGO
Miejsce wydania New York,
Data publikacji, dystrybucji/powstania dokumentu c. 1968
Miejsce wydania Coward-McCann, Inc.
300 ## - STREFA OPISU FIZYCZNEGO
Objętość 271 pp ;
Rozmiary 22 cm.
650 #9 - HASŁO PRZEDMIOTOWE W FORMIE NAZWY OGÓLNEJ LUB JEDNOSTKOWEJ
Nazwa ogólna lub geograficzna Spy stories
856 ## - LOKALIZACJA I DOSTĘP DO ELEKTRONICZNYCH DOKUMENTÓW ZDALNYCH
Link (URL) http://koha.tu.koszalin.pl/cgi-bin/koha/opac-detail.pl?biblionumber=47826
Tekst linku Katalog online BPK
942 ## - DODATKOWE ELEMENTY (KOHA)
Typ dokumentu Książka
Egzemplarze
Wycofany Status egzemplarza Uszkodzony Dostępność Lokalizacja stała Lokalizacja bieżąca Miejsce przechowywania Sygnatura Kod kreskowy Typ dokumentu
      Dostępny Biblioteka Politechniki Koszalińskiej Biblioteka Politechniki Koszalińskiej Wypożyczalnia Językowa KA 4538 09020511 Książka
© 2023 Biblioteka Politechniki Koszalińskiej :: KOHA